<?xml version="1.0" encoding="UTF-8"?>
<record
    xmlns:xsi="http://www.w3.org/2001/XMLSchema-instance"
    xsi:schemaLocation="http://www.loc.gov/MARC21/slim http://www.loc.gov/standards/marcxml/schema/MARC21slim.xsd"
    xmlns="http://www.loc.gov/MARC21/slim">

  <leader>00885nam a22001937a 4500</leader>
  <controlfield tag="003">OSt</controlfield>
  <controlfield tag="005">20240722123951.0</controlfield>
  <controlfield tag="008">240722s2019    ag ||||| |||| 00| 0 spa d</controlfield>
  <datafield tag="020" ind1=" " ind2=" ">
    <subfield code="a">9789876024143</subfield>
  </datafield>
  <datafield tag="040" ind1=" " ind2=" ">
    <subfield code="b">spa</subfield>
    <subfield code="c">besoc</subfield>
  </datafield>
  <datafield tag="245" ind1="1" ind2="0">
    <subfield code="a">Conectados :</subfield>
    <subfield code="b">Lengua y literatura : escuela secundaria /</subfield>
    <subfield code="c">Myriam Delgado ... [et al.]</subfield>
  </datafield>
  <datafield tag="250" ind1=" " ind2=" ">
    <subfield code="a">1a ed.</subfield>
  </datafield>
  <datafield tag="260" ind1=" " ind2=" ">
    <subfield code="a">C&#xF3;rdoba :</subfield>
    <subfield code="b">Comunicarte,</subfield>
    <subfield code="c">2019</subfield>
  </datafield>
  <datafield tag="300" ind1=" " ind2=" ">
    <subfield code="a">142 p.</subfield>
  </datafield>
  <datafield tag="490" ind1="0" ind2=" ">
    <subfield code="a">Comunicarte 2</subfield>
  </datafield>
  <datafield tag="505" ind1="0" ind2=" ">
    <subfield code="a">M&#xF3;dulo 1: La conversaci&#xF3;n -- M&#xF3;dulo 2: La narraci&#xF3;n oral, el cuento maravilloso -- M&#xF3;dulo 3: El cuento realista -- M&#xF3;dulo 4: La exposici&#xF3;n -- M&#xF3;dulo 5: El cuento policial -- M&#xF3;dulo 6: La entrevista period&#xED;stica -- M&#xF3;dulo 7: El cuento de ciencia ficci&#xF3;n -- M&#xF3;dulo 8: El texto dram&#xE1;tico.-</subfield>
  </datafield>
  <datafield tag="650" ind1=" " ind2="4">
    <subfield code="a">Ense&#xF1;anza de la lengua</subfield>
    <subfield code="x">Ense&#xF1;anza de la literatura</subfield>
    <subfield code="x">Educaci&#xF3;n secundaria</subfield>
    <subfield code="x">Libros de texto</subfield>
  </datafield>
  <datafield tag="942" ind1=" " ind2=" ">
    <subfield code="2">udc</subfield>
    <subfield code="c">LPD</subfield>
    <subfield code="n">0</subfield>
  </datafield>
  <datafield tag="999" ind1=" " ind2=" ">
    <subfield code="c">267</subfield>
    <subfield code="d">267</subfield>
  </datafield>
  <datafield tag="952" ind1=" " ind2=" ">
    <subfield code="0">0</subfield>
    <subfield code="1">0</subfield>
    <subfield code="2">udc</subfield>
    <subfield code="4">0</subfield>
    <subfield code="7">0</subfield>
    <subfield code="a">ESOCIALES</subfield>
    <subfield code="b">ESOCIALES</subfield>
    <subfield code="d">2024-07-22</subfield>
    <subfield code="l">0</subfield>
    <subfield code="o">80(07) C747</subfield>
    <subfield code="p">001109</subfield>
    <subfield code="r">2024-07-22 00:00:00</subfield>
    <subfield code="w">2024-07-22</subfield>
    <subfield code="y">LPD</subfield>
  </datafield>
</record>
